000 00315nam a22001337a 4500
008 170721b xxu||||| |||| 00| 0 eng d
020 _a020107293
041 _aeng
080 _a004
100 _a28
101 _aSHKI
245 _aINTRODUCTION TO MINICOMPUTERS AND MICROCOMPUTERS
_cSLOAN, M.E
942 _2udc
_cBK
999 _c21751
_d21751